Introduction to partial differential equations (Record no. 5816)
[ view plain ]
| 000 -LEADER | |
|---|---|
| fixed length control field | 00438nam a2200169Ia 4500 |
| 008 - FIXED-LENGTH DATA ELEMENTS--GENERAL INFORMATION | |
| fixed length control field | 230711s9999||||xx |||||||||||||| ||und|| |
| 020 ## - INTERNATIONAL STANDARD BOOK NUMBER | |
| International Standard Book Number | 978-81-203-4222-4 |
| 041 ## - LANGUAGE CODE | |
| Language code of text/sound track or separate title | ENG |
| 082 ## - DEWEY DECIMAL CLASSIFICATION NUMBER | |
| Classification number | 515.625 |
| Item number | SA-I |
| 100 ## - MAIN ENTRY--PERSONAL NAME | |
| Personal name | Sankara K.Rao |
| 245 #0 - TITLE STATEMENT | |
| Title | Introduction to partial differential equations |
| 250 ## - EDITION STATEMENT | |
| Edition statement | 3rd Ed. |
| 260 ## - PUBLICATION, DISTRIBUTION, ETC. | |
| Date of publication, distribution, etc. | 2015 |
| Place of publication, distribution, etc. | New Delhi |
| Name of publisher, distributor, etc. | PHI Learning Private Limited |
| 300 ## - PHYSICAL DESCRIPTION | |
| Extent | 488p. |
| 650 ## - SUBJECT ADDED ENTRY--TOPICAL TERM | |
| Topical term or geographic name entry element | Mathematics |
| 942 ## - ADDED ENTRY ELEMENTS (KOHA) | |
| Koha item type | Book |
| Withdrawn status | Lost status | Damaged status | Not for loan | Collection | Home library | Current library | Date acquired | Cost, normal purchase price | Inventory number | Total checkouts | Full call number | Barcode | Date last seen | Date last checked out | Price effective from | Koha item type | Source of acquisition |
|---|---|---|---|---|---|---|---|---|---|---|---|---|---|---|---|---|---|
| MRSPTU Central Library | MRSPTU Central Library | 325.00 | 51542508 | 1 | 515.625 SA-I | 31320 | 03/06/2024 | 09/04/2023 | 08/17/2023 | Book | |||||||
| MRSPTU Central Library | MRSPTU Central Library | 325.00 | 51542508 | 2 | 515.625 SA-I | 31321 | 02/19/2026 | 01/30/2026 | 08/17/2023 | Book | |||||||
| MRSPTU Central Library | MRSPTU Central Library | 515.625 SA-I | 34915 | 08/17/2023 | 08/17/2023 | Book | |||||||||||
| MRSPTU Central Library | MRSPTU Central Library | 2 | 515.625 SA-I | 34916 | 02/19/2026 | 01/29/2026 | 08/17/2023 | Book | |||||||||
| MRSPTU Central Library | MRSPTU Central Library | 515.625 SA-I | 34917 | 08/17/2023 | 08/17/2023 | Book | |||||||||||
| MRSPTU Central Library | MRSPTU Central Library | 3 | 515.625 SA-I | 34918 | 03/12/2026 | 02/19/2026 | 08/17/2023 | Book | |||||||||
| MRSPTU Central Library | MRSPTU Central Library | 495.00 | TB47444713 | 515.353 RA-P | 41211 | 08/17/2023 | 08/17/2023 | Book | Technical Bureau India PVT.LTD | ||||||||
| MRSPTU Central Library | MRSPTU Central Library | 495.00 | TB47444713 | 2 | 515.353 RA-P | 41212 | 02/19/2026 | 01/30/2026 | 08/17/2023 | Book | Technical Bureau India PVT.LTD |
